|
|
|
|
| LEADER |
00000cab a2200000 a 4500 |
| 001 |
024253 |
| 003 |
UAHC_CL |
| 005 |
20250908203628.0 |
| 008 |
250908s2007 uy || || 000 s|spa |
| 040 |
|
|
|a UAHC_CL
|c UAHC_CL
|d UAHC_CL
|
| 100 |
|
|
|a Fernández Arroyo, Diego P.
|9 22271
|
| 245 |
|
|
|a Aspectos esenciales de la competencia judicial internacional en vistas de su reglamentación interamericana
|c Diego P. Fernández Arroyo.
|
| 264 |
|
|
|a Uruguay :
|b Liber Amicorum,
|c 2005.
|
| 300 |
|
|
|a 34 páginas
|
| 500 |
|
|
|a En: Liber Amicorum, número 4, entre la página 113 y 155. 2005.
|
| 520 |
|
|
|a El objetivo del presente documento es proveer una discusión conceptual que permita reconstruir las nociones de racialización y sexualización, aplicándolas en el estudio de fenómenos migratorios que actualmente tienen lugar en la sociedad chilena, a partir de discusiones teóricas que recogen aportes de las ciencias sociales y las humanidades, la definición de racialización y sexualización enfatiza la constitución e identificación de relaciones de poder que construyen categorías de raza y de género encarnadas en el cuerpo de las y los inmigrantes. Sobre dicha base teórica, el documento explora el desarrollo de las investigaciones sobre migración en Chile a partir de grandes períodos en los que es posible identificar mecanismos específicos de racialización y sexualización que estructuran la sociedad chilena. Finalmente, el texto identifica omisiones y propuestas de las investigaciones sobre migración en Chile en lo relativo a procesos de racialización y sexualización.
|
| 856 |
|
|
|y Acceso electrónico al documento
|u https://www.oas.org/dil/esp/293-326%20Diego%20Fern%C3%A1ndez%20A.%20def.BIS.pdf
|
| 942 |
|
|
|c REVA
|
| 952 |
|
|
|0 0
|1 0
|4 0
|6 RECURSO_ELECTRÓNICO
|7 0
|8 COMP
|9 101288
|a BR
|b BR
|c Digital
|d 2025-09-08
|l 0
|o Recurso electrónico
|r 2025-09-08 20:24:02
|w 2025-09-08
|y REVA
|B DER
|
| 999 |
|
|
|c 63012
|d 63012
|